| 000 | 01179nam a22003377a 4500 | ||
|---|---|---|---|
| 003 | CHAP | ||
| 005 | 20220329135442.0 | ||
| 008 | 971013s1971 r 00010 d | ||
| 010 | _a36717 | ||
| 011 | _a37689 | ||
| 035 | _a41809 | ||
| 040 | _cCHAP | ||
| 090 | _aFolleto 4423 | ||
| 110 |
_aMéxico. Dirección General de Distritos de Riego _976971 |
||
| 245 | _aInstructivo para el manejo de las formas EVM-1 y EVM-2 relativas al uso de semillas de variedades mejoradas en los distritos de riego | ||
| 260 |
_aMéxico, D.F. : _bLa Dirección, _c1971 |
||
| 300 | _a9 p | ||
| 490 |
_aInstructivo técnico _v; 29 |
||
| 590 |
_aBATCH-UPD _b10 _c20130110 _lUCH01 _h0029 |
||
| 590 |
_aBATCH-UPD _b10 _c20130110 _lUCH01 _h1955 |
||
| 590 |
_aBATCH-UPD _b10 _c20130409 _lUCH01 _h2011 |
||
| 590 |
_aBATCH-UPD _b10 _c20130410 _lUCH01 _h1316 |
||
| 590 |
_aBATCH-UPD _b10 _c20130914 _lUCH01 _h1118 |
||
| 590 |
_aCONVERSION _b10 _c20130109 _lUCH01 _h1321 |
||
| 650 | 1 | 4 |
_aAgricultura _xEstadisticas. _91417 |
| 650 | 1 | 4 |
_aCultivos _xRendimiento. _930318 |
| 830 | 0 |
_aInstructivo técnico _v; 29 _959484 |
|
| 901 | _aBK | ||
| 942 | _cFOLL | ||
| 949 |
_aFolleto 4423 _bBC _cFOLL _d-96191 _eTS1 _i41809 _mD _si |
||
| 999 |
_c36717 _d36717 |
||